| 000 | 01393nam0a2200373 i 4500 | ||
|---|---|---|---|
| 001 | RU\NLR\BIBL_A\010524587 | ||
| 005 | 20260405070640.0 | ||
| 010 |
_a9785170795925 _93000 |
||
| 021 |
_aRU _b2014-64863 _93953 |
||
| 035 | _a(NILC)RuMoRGB-007545443 | ||
| 035 | _a(NLR Aleph) 010524587 | ||
| 090 |
_a10229430 _c10229430 |
||
| 100 | _a20141107d2014 km y0rusy50 ca | ||
| 101 | 1 |
_arus _ceng |
|
| 102 | _aRU | ||
| 105 | _ay|||z||||01yy | ||
| 200 | 1 |
_aДуша человека _aРеволюция надежды _fЭрих Фромм _g[пер. с англ.. В. Закса, Т. В. Панфиловой] |
|
| 210 |
_aМосква _cАСТ _d2014 |
||
| 215 |
_a348, [2] с. _d21 |
||
| 225 | 1 | _aНовая философия | |
| 320 | _aБиблиогр. в подстроч. примеч. | ||
| 333 | _a16+ | ||
| 606 | 1 |
_aНеофрейдизм _yСоединенные Штаты Америки _92202474 _3RU\NLR\AUTH\661323434 |
|
| 606 |
_aЛичность и общество _xПсихоанализ _91534026 _3RU\NLR\AUTH\66668300 |
||
| 686 | 1 | _aЮ91(7США)6-736.5 | |
| 686 | 1 | _aЮ3(7США)6-736.5 | |
| 686 | 1 | _aЮ937-953.6 | |
| 700 | 1 |
_7ca _8rus _aФромм _bЭ. _f1900-1980 _gЭрих _9155 _3RU\NLR\AUTH\7717063 |
|
| 801 | 0 |
_aRU _bRuMoRKP _c20101206 _gRCR |
|
| 801 | 2 |
_aRU _bРГБ _c20140902 _grcr |
|
| 942 | _cBOOK | ||
| 980 | _aNBR | ||